000 00682nam a2200241 i 4500
001 C2-0278213
003 PPAK
005 20180728005933.0
008 070222s1992 my a|||| ||||| | may d
040 _aPPAK
_beng
_cPPAK
_erda
082 0 4 _a959.5123
_223
090 0 0 _a959.5123
_bABD
_dKAM
100 0 _aAbdul Habib bin Mansor,
_eauthor
245 1 0 _aSejarah Wilayah Pahang Tenggara
264 1 _aPahang :
_c1992
300 _a23 pages :
_billustrations ;
_c30 cm
336 _2rdacontent
_atext
337 _2rdamedia
_aunmediated
338 _2rdacarrier
_avolume
500 _aSeminar sejarah negeri Pahang Darul Makmur 1992
650 1 0 _aPahang history
942 _ddc
_cB
999 _c85207
_d85207